[Event "Moron Philidor CC U2200 15th"]
[Site "Buenos Aires"]
[Date "2017.09.16"]
[Round "3"]
[White "Ciurlanti, Federico"]
[Black "Valduc, Octavio Federico"]
[Result "1-0"]
[WhiteElo "2075"]
[BlackElo "1785"]
[PlyCount "59"]
[EventDate "2017.09.12"]
[EventType "swiss"]
[EventRounds "7"]
[EventCountry "ARG"]
[SourceTitle "CBM 180 Extra"]
[Source "ChessBase"]
[SourceDate "2017.10.06"]
[SourceVersion "1"]
[SourceVersionDate "2017.10.06"]
[SourceQuality "1"]

1. e4 e5 2. Nf3 Nc6 3. d4 exd4 4. c3 d3 5. Bxd3 Bc5 6. b4 Bb6 7. a4 a6 8. Nbd2 d6 9. Nc4 Ba7 10. Bg5 f6 11. Bh4 Nge7 12. b5 Ne5 13. Nfxe5 dxe5 14. Qh5+ g6 15. Qf3 Rf8 16. Rd1 g5 17. Be2 Bd7 18. Qh5+ Rf7 19. Bxg5 fxg5 20. Nxe5 Bxf2+ 21. Kf1 Ng6 22. Nxf7 Qf6 23. Nxg5 Be3+ 24. Nf3 axb5 25. e5 Qf7 26. Bd3 Rxa4 27. Bxg6 hxg6 28. Qh8+ Ke7 29. e6 Bxe6 30. Qd8# 1-0

[Event "Buenos Aires La Porta Cup"]
[Site "Buenos Aires"]
[Date "2014.12.14"]
[Round "2"]
[White "Mareco, Sandro"]
[Black "Ciurlanti, Federico"]
[Result "1-0"]
[WhiteElo "2565"]
[BlackElo "2114"]
[PlyCount "57"]
[EventDate "2014.12.13"]
[EventType "swiss"]
[EventRounds "9"]
[EventCountry "ARG"]
[SourceTitle "EXT 2016"]
[Source "ChessBase"]
[SourceDate "2015.10.08"]
[SourceVersion "1"]
[SourceVersionDate "2015.10.08"]
[SourceQuality "1"]

1. d4 Nf6 2. c4 c5 3. d5 e6 4. Nc3 exd5 5. cxd5 d6 6. Nf3 g6 7. Bf4 Nh5 8. Bg5 f6 9. Bd2 Be7 10. e4 a6 11. a4 0-0 12. h3 Ng7 13. Be2 f5 14. e5 dxe5 15. Nxe5 Nd7 16. Nc4 Bg5 17. 0-0 Rb8 18. a5 Bxd2 19. Qxd2 f4 20. Rae1 f3 21. Bxf3 Rxf3 22. gxf3 Qh4 23. Re4 Qxh3 24. Qf4 Nf5 25. Rfe1 Ra8 26. Re8+ Kg7 27. R1e7+ Nxe7 28. Rxe7+ Kh8 29. Qf7 1-0

[Event "Buenos Aires-B"]
[Site "Buenos Aires"]
[Date "2012.02.08"]
[Round "5"]
[White "Caceres Recalde, Fernando"]
[Black "Ciurlanti, Federico"]
[Result "1-0"]
[WhiteElo "2164"]
[BlackElo "2140"]
[PlyCount "49"]
[EventDate "2012.02.06"]
[EventType "tourn"]
[EventRounds "9"]
[EventCountry "ARG"]
[SourceTitle "EXT 2014"]
[Source "ChessBase"]
[SourceDate "2013.11.20"]
[SourceVersion "1"]
[SourceVersionDate "2013.11.20"]
[SourceQuality "1"]

1. e4 c5 2. Nf3 d6 3. d4 cxd4 4. Nxd4 Nf6 5. Nc3 a6 6. Be3 e5 7. Nb3 Be6 8. h3 Nc6 9. Qe2 Be7 10. f4 exf4 11. Bxf4 0-0 12. 0-0-0 Qc7 13. g4 Rac8 14. g5 Nd7 15. Kb1 Nde5 16. Qg2 b5 17. Nd5 Qb7 18. h4 Bg4 19. Be2 Bxe2 20. Qxe2 a5 21. h5 f5 22. exf5 Rxf5 23. Qe4 Rcf8 24. Nd4 Qd7 25. Nb6 1-0

[Event "Buenos Aires-B"]
[Site "Buenos Aires"]
[Date "2012.02.07"]
[Round "3"]
[White "Sanhueza, Cristian"]
[Black "Ciurlanti, Federico"]
[Result "1-0"]
[WhiteElo "2208"]
[BlackElo "2140"]
[PlyCount "103"]
[EventDate "2012.02.06"]
[EventType "tourn"]
[EventRounds "9"]
[EventCountry "ARG"]
[SourceTitle "EXT 2014"]
[Source "ChessBase"]
[SourceDate "2013.11.20"]
[SourceVersion "1"]
[SourceVersionDate "2013.11.20"]
[SourceQuality "1"]

1. e4 c5 2. Nf3 d6 3. d4 cxd4 4. Nxd4 Nf6 5. Nc3 a6 6. Be3 e5 7. Nf3 Be7 8. Bc4 0-0 9. 0-0 Nbd7 10. a4 Qc7 11. Qe2 b6 12. Bg5 Bb7 13. Rfd1 h6 14. Bxf6 Nxf6 15. Nd2 Nd7 16. Nf1 Nc5 17. Bd5 Ne6 18. Ne3 Nd4 19. Qh5 Bg5 20. Ng4 Bxd5 21. Nxd5 Qxc2 22. Re1 f5 23. exf5 Qxf5 24. Rac1 Qf7 25. Qxf7+ Rxf7 26. Nge3 Raf8 27. f3 Bh4 28. Nxb6 Bxe1 29. Rxe1 Rc7 30. Nbd5 Rc1 31. Rxc1 Ne2+ 32. Kf1 Nxc1 33. Nc7 a5 34. Nb5 e4 35. Nxd6 exf3 36. Nef5 fxg2+ 37. Kxg2 Rf6 38. Ne7+ Kf8 39. Nec8 Nd3 40. Nc4 Rc6 41. N8b6 Nxb2 42. Ne5 Nd3 43. Nxc6 Nc5 44. Nxa5 Ke7 45. Kf3 Kd6 46. Nac4+ Kc6 47. Kf4 Ne6+ 48. Kf5 Ng5 49. Kg6 Nf3 50. h3 Kc5 51. Kxg7 h5 52. Kg6 1-0

[Event "Buenos Aires-B"]
[Site "Buenos Aires"]
[Date "2012.02.06"]
[Round "1"]
[White "Ciurlanti, Federico"]
[Black "Avila, Lucas"]
[Result "0-1"]
[WhiteElo "2140"]
[BlackElo "2197"]
[PlyCount "94"]
[EventDate "2012.02.06"]
[EventType "tourn"]
[EventRounds "9"]
[EventCountry "ARG"]
[SourceTitle "EXT 2014"]
[Source "ChessBase"]
[SourceDate "2013.11.20"]
[SourceVersion "1"]
[SourceVersionDate "2013.11.20"]
[SourceQuality "1"]

1. d4 Nf6 2. Bg5 Ne4 3. Bf4 c5 4. f3 Qa5+ 5. c3 Nf6 6. d5 Qb6 7. e4 Qxb2 8. Nd2 Qxc3 9. Rc1 Qa5 10. Kf2 d6 11. Nc4 Qc7 12. e5 Nh5 13. exd6 exd6 14. Qe1+ Kd8 15. Bd2 Be7 16. Bd3 Re8 17. Qd1 f5 18. Nh3 h6 19. Re1 Bh4+ 20. g3 Rxe1 21. Qxe1 Bf6 22. Nf4 Nxf4 23. Bxf4 Be7 24. Qc3 Bf6 25. Qc2 Be7 26. Qb2 Bf8 27. Re1 Bd7 28. Bxh6 b5 29. Bg5+ Kc8 30. Bxf5 Kb7 31. Be4 Na6 32. Bd2 Nb4 33. Ne5 Re8 34. Nc6 Rxe4 35. Bxb4 Rxb4 36. Nxb4 cxb4 37. Rc1 Qb6+ 38. Kg2 a5 39. Qd2 Be7 40. Qf4 Bf6 41. Rd1 Qc5 42. Rd2 Qc1 43. Qe3 Bc3 44. Re2 Qxe3 45. Rxe3 a4 46. Kf1 Bf6 47. g4 b3 0-1

[Event "Buenos Aires-B"]
[Site "Buenos Aires"]
[Date "2012.02.06"]
[Round "2"]
[White "Ciurlanti, Federico"]
[Black "Paternoste, Martin"]
[Result "1-0"]
[WhiteElo "2140"]
[BlackElo "2052"]
[PlyCount "79"]
[EventDate "2012.02.06"]
[EventType "tourn"]
[EventRounds "9"]
[EventCountry "ARG"]
[SourceTitle "EXT 2014"]
[Source "ChessBase"]
[SourceDate "2013.11.20"]
[SourceVersion "1"]
[SourceVersionDate "2013.11.20"]
[SourceQuality "1"]

1. d4 g6 2. e4 d6 3. Nc3 Nf6 4. Nf3 Bg7 5. Be2 a6 6. a4 0-0 7. 0-0 e5 8. dxe5 dxe5 9. Bg5 Qxd1 10. Rfxd1 Nc6 11. Bxf6 Bxf6 12. Nd5 Bd8 13. b4 Bg4 14. c3 Bxf3 15. gxf3 Ne7 16. Nf6+ Kg7 17. Nd7 Re8 18. Nxe5 Nf5 19. Nc4 Bf6 20. Kf1 Nh4 21. Rac1 Bg5 22. Ne3 Bf4 23. h3 Rad8 24. c4 f5 25. Rxd8 Rxd8 26. Rd1 Rxd1+ 27. Bxd1 Bxe3 28. fxe3 g5 29. exf5 Nxf5 30. Kf2 Kf6 31. Bc2 Nd6 32. c5 Nc4 33. Bxh7 Ke5 34. Be4 a5 35. bxa5 Nxa5 36. Kg3 c6 37. Kg4 Nb3 38. Kxg5 Nxc5 39. Bc2 Ne6+ 40. Kg6 1-0

[Event "Villa Ballester Verano op 62nd"]
[Site "Villa Ballester"]
[Date "2012.01.24"]
[Round "5"]
[White "Ciurlanti, Federico"]
[Black "Krysa, Leandro Sergio"]
[Result "0-1"]
[WhiteElo "2140"]
[BlackElo "2426"]
[PlyCount "78"]
[EventDate "2012.01.19"]
[EventType "swiss"]
[EventRounds "9"]
[EventCountry "ARG"]
[SourceTitle "EXT 2013"]
[Source "ChessBase"]
[SourceDate "2012.11.22"]
[SourceVersion "1"]
[SourceVersionDate "2012.11.22"]
[SourceQuality "1"]

1. d4 f5 2. e4 fxe4 3. Nc3 Nf6 4. Bg5 Nc6 5. d5 Ne5 6. Qd4 Nf7 7. h4 g6 8. Bxf6 exf6 9. Nxe4 Bg7 10. d6 0-0 11. dxc7 Qe7 12. Qe3 Re8 13. Bd3 d5 14. 0-0-0 dxe4 15. Bc4 Qxc7 16. Qb3 Qe7 17. h5 Be6 18. hxg6 hxg6 19. Ne2 Bxc4 20. Qxc4 f5 21. Rh3 Rac8 22. Qb3 Rc6 23. c3 Rd8 24. Rxd8+ Qxd8 25. Qxb7 Rd6 26. Nd4 Bxd4 27. cxd4 Rxd4 28. Rc3 Rd1+ 29. Kc2 Qd2+ 30. Kb3 Qd5+ 31. Qxd5 Rxd5 32. Rc8+ Kg7 33. Rc7 a5 34. Ra7 Kf6 35. Kc4 Rd2 36. Kc3 Rxf2 37. Rxa5 Ne5 38. g4 Rf3+ 39. Kc2 fxg4 0-1

[Event "Buenos Aires Duchamp op 1st"]
[Site "Buenos Aires"]
[Date "2011.09.14"]
[Round "3"]
[White "Ciurlanti, Federico"]
[Black "Saldano Dayer, Horacio"]
[Result "0-1"]
[WhiteElo "2069"]
[BlackElo "2431"]
[PlyCount "134"]
[EventDate "2011.09.12"]
[EventType "swiss"]
[EventRounds "9"]
[EventCountry "ARG"]
[SourceTitle "EXT 2014"]
[Source "ChessBase"]
[SourceDate "2013.11.20"]
[SourceVersion "1"]
[SourceVersionDate "2013.11.20"]
[SourceQuality "1"]

1. e4 c5 2. Nf3 Nc6 3. d4 cxd4 4. Nxd4 g6 5. Nc3 Bg7 6. Be3 Nf6 7. Bc4 Qa5 8. 0-0 0-0 9. Bb3 d6 10. h3 Bd7 11. Nde2 b5 12. a3 Ne5 13. f4 Nc4 14. Bxc4 bxc4 15. Qe1 Bc6 16. Ng3 Rfc8 17. Rd1 Rab8 18. Bc1 Nd7 19. Kh1 Qa6 20. Qe2 Qb7 21. Qxc4 Bxc3 22. bxc3 Bb5 23. Qd4 Bxf1 24. Rxf1 Qb6 25. Qd3 Qb5 26. Qf3 Qc4 27. Ne2 Rb1 28. Rd1 Nf6 29. Rd4 Qb5 30. Kh2 a5 31. Qe3 Qh5 32. Kg3 d5 33. exd5 Nxd5 34. Qd3 Nf6 35. Rd8+ Rxd8 36. Qxd8+ Kg7 37. Qxe7 Qd5 38. Be3 Qe4 39. Qxe4 Nxe4+ 40. Kf3 f5 41. Bd4+ Kf7 42. Be5 Ra1 43. g4 Rxa3 44. gxf5 gxf5 45. Ke3 Ra4 46. Nd4 Nxc3 47. Nxf5 Nd5+ 48. Kf3 Ne7 49. Nd6+ Ke6 50. Ne4 Rc4 51. Ng5+ Kf5 52. Nxh7 Ng6 53. Ba1 Rxc2 54. Ke3 Nxf4 55. Nf8 Re2+ 56. Kf3 Ra2 57. Bd4 Ra3+ 58. Kf2 Nxh3+ 59. Ke1 Rd3 60. Ba1 Ng5 61. Bb2 a4 62. Ke2 Rd8 63. Ba3 Rd5 64. Ke3 Rb5 65. Kd2 Rb3 66. Be7 a3 67. Kc2 a2 0-1

[Event "Villa Martelli Pro Am op 17th"]
[Site "Villa Martelli"]
[Date "2010.10.14"]
[Round "3"]
[White "Slipak, Sergio"]
[Black "Ciurlanti, Federico"]
[Result "1-0"]
[WhiteElo "2446"]
[BlackElo "2079"]
[PlyCount "41"]
[EventDate "2010.10.10"]
[EventType "swiss"]
[EventRounds "9"]
[EventCountry "ARG"]
[SourceTitle "CBM 138 Extra"]
[Source "ChessBase"]
[SourceDate "2010.10.29"]
[SourceVersion "1"]
[SourceVersionDate "2010.10.29"]
[SourceQuality "1"]

1. d4 Nf6 2. c3 d5 3. Bg5 Ne4 4. Bf4 g6 5. Nd2 Bg7 6. e3 Nxd2 7. Qxd2 b6 8. Nf3 0-0 9. 0-0-0 Nd7 10. h4 Nf6 11. Bd3 c5 12. Ne5 Nh5 13. Bh2 f6 14. Nxg6 hxg6 15. Bxg6 cxd4 16. Qe2 Bh6 17. Qxh5 Kg7 18. Bc2 Rh8 19. Qg6+ Kf8 20. Rxd4 e5 21. Rxd5 1-0

[Event "Villa Martelli op"]
[Site "Villa Martelli"]
[Date "2010.08.09"]
[Round "5"]
[White "Ciurlanti, Federico"]
[Black "Tomeo, Ivan"]
[Result "1-0"]
[WhiteElo "2076"]
[BlackElo "2006"]
[PlyCount "141"]
[EventDate "2010.08.04"]
[EventType "swiss"]
[EventRounds "9"]
[EventCountry "ARG"]
[SourceTitle "CBM 137 Extra"]
[Source "ChessBase"]
[SourceDate "2010.09.01"]
[SourceVersion "1"]
[SourceVersionDate "2010.09.01"]
[SourceQuality "1"]

1. d4 c5 2. d5 Nf6 3. c4 g6 4. Nc3 Bg7 5. e4 d6 6. f4 0-0 7. Nf3 b5 8. cxb5 Bb7 9. Be2 a6 10. 0-0 axb5 11. Bxb5 Na6 12. Bxa6 Rxa6 13. Qe2 e6 14. dxe6 fxe6 15. e5 Nh5 16. Ne4 dxe5 17. fxe5 Bxe5 18. Nxe5 Rxf1+ 19. Qxf1 Qd4+ 20. Kh1 Qxe5 21. Bh6 Ra8 22. Ng5 Nf4 23. Nf3 Qf6 24. Bxf4 Qxf4 25. Qe2 Bd5 26. Nd2 Rf8 27. Rf1 Qb4 28. Rxf8+ Kxf8 29. b3 Qd4 30. h3 Kg7 31. Nf3 Bxf3 32. gxf3 Kf7 33. a4 Qh4 34. Qf1 Qb4 35. Qc4 Qe1+ 36. Kg2 Qd2+ 37. Kf1 Qd1+ 38. Kf2 Qd2+ 39. Qe2 Qb4 40. Qd3 Ke7 41. Ke2 Qh4 42. Qc4 Qg5 43. a5 Qe5+ 44. Kd3 Qf5+ 45. Kd2 Qe5 46. Kc2 Kd6 47. a6 Kc7 48. Qb5 Qf5+ 49. Kb2 Qe5+ 50. Ka2 Qh2+ 51. Ka3 Qe5 52. Qb7+ Kd8 53. Ka4 Qa1+ 54. Kb5 Qf1+ 55. Kxc5 Qc1+ 56. Kd6 Qf4+ 57. Kxe6 Qf5+ 58. Kd6 Qd3+ 59. Kc5 Qc3+ 60. Kd6 Qd3+ 61. Ke5 Qf5+ 62. Kd4 Qf4+ 63. Kd3 Qd6+ 64. Kc4 Qf4+ 65. Kc5 Qe5+ 66. Kb4 Qd4+ 67. Kb5 Qe5+ 68. Kc4 Qf4+ 69. Qe4 Qc7+ 70. Kd3 Qa5 71. a7 1-0

[Event "Villa Ballester Verano op 60th"]
[Site "Villa Ballester"]
[Date "2010.01.26"]
[Round "5"]
[White "Aparicio, Anibal"]
[Black "Ciurlanti, Federico"]
[Result "1-0"]
[WhiteElo "2274"]
[BlackElo "2091"]
[PlyCount "57"]
[EventDate "2010.01.20"]
[EventType "swiss"]
[EventRounds "9"]
[EventCountry "ARG"]
[SourceTitle "CBM 134 Extra"]
[Source "ChessBase"]
[SourceDate "2010.03.03"]
[SourceVersion "1"]
[SourceVersionDate "2010.03.03"]
[SourceQuality "1"]

1. d4 f5 2. Nc3 d5 3. Bf4 Nf6 4. e3 e6 5. Nf3 c6 6. Bd3 Be7 7. h3 0-0 8. Ne2 Ne4 9. c3 Nd7 10. Qc2 b6 11. Bh2 c5 12. Nf4 Ndf6 13. Ne5 Qe8 14. f3 Nd6 15. g4 c4 16. Bf1 Nf7 17. gxf5 exf5 18. 0-0-0 Bd6 19. e4 fxe4 20. fxe4 Nxe5 21. dxe5 Qxe5 22. Nxd5 Qg5+ 23. Kb1 Nxe4 24. Bxc4 Bxh2 25. Qxe4 Kh8 26. Ne7 Qf4 27. Bd3 Qxe4 28. Bxe4 Re8 29. Rxh2 1-0

[Event "Buenos Aires Torre Blanca 1st"]
[Site "Buenos Aires"]
[Date "2008.09.01"]
[Round "8"]
[White "Ciurlanti, Federico"]
[Black "Zambenetti, Victor Luci"]
[Result "0-1"]
[WhiteElo "2140"]
[BlackElo "2025"]
[PlyCount "34"]
[EventDate "2008.08.07"]
[EventType "tourn"]
[EventRounds "9"]
[EventCountry "ARG"]
[SourceTitle "EXT 2019"]
[Source "ChessBase"]
[SourceDate "2018.10.10"]
[SourceVersion "1"]
[SourceVersionDate "2018.10.10"]
[SourceQuality "1"]

1. e4 c5 2. Nf3 d6 3. d4 cxd4 4. Nxd4 Nf6 5. Nc3 a6 6. Bg5 e6 7. Qd2 h6 8. Bh4 Nxe4 9. Nxe4 Qxh4 10. Bd3 d5 11. g3 Qd8 12. Nc3 Nc6 13. Nxc6 bxc6 14. 0-0-0 Be7 15. f4 Rb8 16. Rhe1 Qa5 17. Re5 Rxb2 0-1

[Event "Buenos Aires Torre Blanca 1st"]
[Site "Buenos Aires"]
[Date "2008.08.07"]
[Round "1"]
[White "Arenas, Sergio"]
[Black "Ciurlanti, Federico"]
[Result "1-0"]
[WhiteElo "2155"]
[BlackElo "2140"]
[PlyCount "147"]
[EventDate "2008.08.07"]
[EventType "tourn"]
[EventRounds "9"]
[EventCountry "ARG"]
[SourceTitle "EXT 2019"]
[Source "ChessBase"]
[SourceDate "2018.10.10"]
[SourceVersion "1"]
[SourceVersionDate "2018.10.10"]
[SourceQuality "1"]

1. d4 f5 2. Bg5 Nf6 3. Bxf6 exf6 4. e3 d5 5. c4 c6 6. Nc3 Qb6 7. cxd5 Qxb2 8. Qc1 Ba3 9. Nge2 Qxc1+ 10. Rxc1 Bxc1 11. Nxc1 0-0 12. Bc4 Kh8 13. Nd3 Nd7 14. dxc6 Nb6 15. Bb3 bxc6 16. Nc5 Rd8 17. 0-0 f4 18. Rc1 fxe3 19. fxe3 Nd5 20. Kf2 Rb8 21. Ne2 Bg4 22. Ng3 Rb5 23. h3 Bc8 24. Ne2 Nb4 25. Rc3 Nd5 26. Rc1 Nb4 27. Rc3 f5 28. g3 g5 29. h4 h6 30. hxg5 hxg5 31. Kf3 Rd6 32. Rc1 Kg7 33. Nc3 Rb6 34. Nd1 Bd7 35. Nb2 Be8 36. Nc4 Bh5+ 37. Kg2 Rf6 38. Nxb6 axb6 39. Ne6+ Kg6 40. a3 Nd5 41. Bxd5 cxd5 42. Nc7 Rd6 43. Kf2 Kf6 44. Rb1 Bf7 45. Rb5 Ke7 46. Na8 Be8 47. Rb2 Kd8 48. Nxb6 Kc7 49. Na8+ Kc8 50. Rb6 Bc6 51. a4 Kd7 52. Rb8 Bxa8 53. Rxa8 Rb6 54. a5 Rb2+ 55. Kf3 Ra2 56. a6 Kc7 57. a7 Kb7 58. Rd8 Rxa7 59. Rxd5 f4 60. gxf4 gxf4 61. Kxf4 Kc6 62. Rf5 Kd6 63. e4 Ra4 64. d5 Ra1 65. Rf6+ Ke7 66. Re6+ Kd7 67. Rh6 Rf1+ 68. Ke5 Rf7 69. Ra6 Re7+ 70. Kd4 Re8 71. e5 Rb8 72. Ra7+ Ke8 73. d6 Rb1 74. Kd5 1-0

[Event "Villa Ballester Siembra op"]
[Site "Villa Ballester"]
[Date "1996.??.??"]
[Round "9"]
[White "Ciurlanti, Federico"]
[Black "Romanelli, Gabriel Adrian"]
[Result "1/2-1/2"]
[WhiteElo "2250"]
[BlackElo "2150"]
[PlyCount "98"]
[EventDate "1996.??.??"]
[EventType "swiss"]
[EventRounds "9"]
[EventCountry "ARG"]
[SourceTitle "CBM 051 Extra"]
[Source "ChessBase"]
[SourceDate "1996.05.01"]
[SourceVersion "1"]
[SourceVersionDate "1996.05.01"]
[SourceQuality "1"]

1. e4 Nf6 2. e5 Nd5 3. c4 Nb6 4. d4 d6 5. f4 dxe5 6. fxe5 Nc6 7. Be3 Bf5 8. Nc3 e6 9. Be2 Be7 10. Nf3 0-0 11. 0-0 f6 12. Qb3 fxe5 13. dxe5 Qc8 14. Nd4 Nxd4 15. Bxd4 Nd7 16. Bf3 c6 17. Ne4 Qc7 18. Rae1 Bxe4 19. Rxe4 Nc5 20. Bxc5 Bxc5+ 21. Kh1 Rf5 22. Qc3 Raf8 23. b4 Be7 24. c5 Bd8 25. Rd1 Qe7 26. Qc4 Bc7 27. Rde1 Qf7 28. Kg1 h5 29. a4 a6 30. b5 axb5 31. axb5 Qg6 32. Kh1 Kh8 33. bxc6 bxc6 34. R4e3 Rxe5 35. Rxe5 Bxe5 36. Bxc6 Rf4 37. Qa6 Rf8 38. Bf3 Rb8 39. c6 Rb1 40. Qf1 Rxe1 41. Qxe1 Qg5 42. g3 h4 43. Kg2 hxg3 44. hxg3 Bc7 45. Be4 Kg8 46. Qc3 Kf7 47. Qd3 Qe5 48. Bg6+ Kf6 49. Bh7 Qd5+ 1/2-1/2

[Event "Buenos Aires tt"]
[Site "Buenos Aires"]
[Date "1996.??.??"]
[Round "2"]
[White "Scarella, Enrique Alejandro"]
[Black "Ciurlanti, Federico"]
[Result "1-0"]
[WhiteElo "2370"]
[BlackElo "2230"]
[PlyCount "42"]
[EventDate "1996.??.??"]
[EventType "team"]
[EventRounds "7"]
[EventCountry "ARG"]
[SourceTitle "EXT 1998"]
[Source "ChessBase"]
[SourceDate "1997.11.17"]
[SourceVersion "1"]
[SourceVersionDate "1997.11.17"]
[SourceQuality "1"]

1. Nf3 f5 2. d4 Nf6 3. g3 g6 4. Bg2 Bg7 5. c4 d6 6. Nc3 0-0 7. 0-0 Nc6 8. d5 Na5 9. Nd2 c5 10. Qc2 a6 11. b3 Qe8 12. Bb2 g5 13. f4 Qh5 14. Nd1 gxf4 15. gxf4 Bd7 16. Rf3 Rf7 17. Nf2 Ng4 18. Rh3 Qg6 19. Rg3 h5 20. Bf3 h4 21. Rxg4 Qxg4+ 1-0

[Event "Villa Ballester Siembra op"]
[Site "Villa Ballester"]
[Date "1996.??.??"]
[Round "8"]
[White "Sorin, Ariel"]
[Black "Ciurlanti, Federico"]
[Result "1-0"]
[WhiteElo "2505"]
[BlackElo "2250"]
[PlyCount "49"]
[EventDate "1996.??.??"]
[EventType "swiss"]
[EventRounds "9"]
[EventCountry "ARG"]
[SourceTitle "CBM 051 Extra"]
[Source "ChessBase"]
[SourceDate "1996.05.01"]
[SourceVersion "1"]
[SourceVersionDate "1996.05.01"]
[SourceQuality "1"]

1. d4 Nf6 2. c4 g6 3. Nc3 d5 4. e3 Bg7 5. Qb3 dxc4 6. Bxc4 0-0 7. Nf3 Nc6 8. Be2 e6 9. 0-0 Nd5 10. Bd2 Re8 11. Rfd1 Nxc3 12. Bxc3 Qe7 13. Rac1 Rb8 14. d5 Bxc3 15. Rxc3 Na5 16. Qa4 b6 17. Rxc7 Qxc7 18. Qxe8+ Kg7 19. d6 Qd7 20. Qxd7 Bxd7 21. Ne5 Rd8 22. Rc1 Be8 23. d7 Bxd7 24. Rd1 Bb5 25. Rxd8 1-0